Largest Cities in the World in 1800 (with a map) - Statistics

General Stats
  • This quiz has been taken 2,600 times
  • The average score is 8 of 10
Answers on the Map
Answers color-coded by a green-red scale on the quiz's map according to % correct below.
 
Answer Stats
Population City % Correct
861,000 London
99%
547,000 Paris
97%
685,000 Edo
95%
1,100,000 Peking
94%
570,000 Constantinople
93%
430,000 Naples
83%
383,000 Osaka
74%
800,000 Guangzhou
67%
377,000 Kyoto
62%
387,000 Hangzhou
26%
No matching quizzes found
Score Distribution
Percent of People with Each Score
Percentile by Number Answered
Your Score History
You have not taken this quiz